An atlas of schizophrenia / (Record no. 8972)
[ view plain ]
| 000 -LEADER | |
|---|---|
| fixed length control field | 01032nac a22002651u 4500 |
| 010 ## - LIBRARY OF CONGRESS CONTROL NUMBER | |
| LC control number | 2001052033 |
| 020 ## - INTERNATIONAL STANDARD BOOK NUMBER | |
| International Standard Book Number | 1850700745 (alk. paper) |
| 035 ## - SYSTEM CONTROL NUMBER | |
| System control number | (DNLM)101128397 |
| 082 00 - DEWEY DECIMAL CLASSIFICATION NUMBER | |
| Classification number | 616.8982 |
| Item number | STE |
| 090 ## - LOCALLY ASSIGNED LC-TYPE CALL NUMBER (OCLC); LOCAL CALL NUMBER (OCLC) | |
| -- | 8972 |
| -- | 8972 |
| 100 ## - MAIN ENTRY--PERSONAL NAME | |
| Personal name | Stefan, Martin. |
| 245 13 - TITLE STATEMENT | |
| Title | An atlas of schizophrenia / |
| Statement of responsibility, etc | Martin Stefan, Mike Travis and Robin M. Murray. |
| 260 ## - PUBLICATION, DISTRIBUTION, ETC. (IMPRINT) | |
| Place of publication, distribution, etc | New York : |
| Name of publisher, distributor, etc | Parthenon Pub. Group,2002. |
| Date of publication, distribution, etc | c2002. |
| 300 ## - PHYSICAL DESCRIPTION | |
| Extent | 98 p. |
| Other physical details | ill. (chiefly col.) ; |
| Dimensions | 30 cm. |
| 440 #0 - | |
| -- | Encyclopedia of visual medicine series |
| 500 ## - GENERAL NOTE | |
| General note | Distributer: Dar Fathy Taha Mohamed Desoukey |
| 504 ## - BIBLIOGRAPHY, ETC. NOTE | |
| Bibliography, etc | Includes bibliographical references and index. |
| 511 ## - PARTICIPANT OR PERFORMER NOTE | |
| Participant or performer note | Catalogued by: Sara |
| 650 #0 - SUBJECT ADDED ENTRY--TOPICAL TERM | |
| Topical term or geographic name as entry element | Schizophrenia |
| Form subdivision | Atlases. |
| 650 #0 - SUBJECT ADDED ENTRY--TOPICAL TERM | |
| Topical term or geographic name as entry element | Schizophrenia |
| Form subdivision | Atlases. |
| 700 1# - ADDED ENTRY--PERSONAL NAME | |
| Personal name | Travis, Mike, |
| Titles and other words associated with a name | Dr. |
| 700 1# - ADDED ENTRY--PERSONAL NAME | |
| Personal name | Murray, Robin, |
| Titles and other words associated with a name | MD, M Phil, MRCP, MRC Psych. |
| 856 42 - ELECTRONIC LOCATION AND ACCESS | |
| Materials specified | Publisher description |
| Uniform Resource Identifier | <a href="http://www.loc.gov/catdir/enhancements/fy0646/2001052033-d.html">http://www.loc.gov/catdir/enhancements/fy0646/2001052033-d.html</a> |
| 942 ## - ADDED ENTRY ELEMENTS (KOHA) | |
| Item type | NB - Book (Non borrowing) |
| Call number prefix | 616.8982STE |
| Withdrawn status | Item status | Damaged status | Not for loan | Home library | Current library | Shelving location | Date acquired | Source of acquisition | Total Checkouts | Full call number | Barcode | Date last seen | Cost, replacement price | Koha item type |
|---|---|---|---|---|---|---|---|---|---|---|---|---|---|---|
| Central Library | Central Library | First floor | 01/04/2008 | Purchase | 616.8982STE | 000010999 | 15/07/2025 | 50.00 | NB - Book (Non borrowing) |